Sports Quiz

Random Sports or Hockey Quiz

Hockey Graphically Quiz Stats

Quiz not verified by Sporcle

Challenge
Share
Tweet
Score 0/20 Timer 20:00
0 Plays Today
% Correct
Maurice Richard
72.5%
Ray Bourque
64.2%
Jaromir Jagr
63.6%
Wayne Gretzky
62.4%
Dominik Hasek
62.2%
Paul Coffey
53.3%
Henrik and Daniel Sedin
49.8%
Chris Chelios
48.3%
Nick Lidstrom
48.3%
Tim Horton
47.8%
% Correct
Martin Brodeur
43.6%
Patrick Roy
42.8%
Bobby Hull
40.7%
Mike Bossy
38.6%
Tie Domi
35.2%
Terry Sawchuck
31%
Henri Richard
28.1%
Stan Mikita
22%
Ilya Kovalchuk
20.6%
Jay Bouwmeester
11.2%

You're not logged in!

Compare scores with friends on all Sporcle quizzes.
Sign Up with Email
OR
Log In

You Might Also Like...

Show Comments

Extras

Top Quizzes Today


Score Distribution

Your Account Isn't Verified!

In order to create a playlist on Sporcle, you need to verify the email address you used during registration. Go to your Sporcle Settings to finish the process.